| 000 | 00716nam a22002177a 4500 | ||
|---|---|---|---|
| 005 | 20160822105646.0 | ||
| 010 | _aENG-115794 | ||
| 020 |
_a9789352602629 _c595.00 |
||
| 020 |
_a9352602625 _c595.00 |
||
| 035 | _aEN-99326 | ||
| 037 | _bDBAD/PUB | ||
| 082 | _a384.80979494 | ||
| 100 | _aCapodagli,Bill | ||
| 245 |
_aThe Disney way : _cby Bill Capodagli [and] Lynn Jacson _bharnessing the management secrets of Disney in your company / |
||
| 260 |
_aNew Delhi _bMcGraw Hill Education _c2016 |
||
| 270 |
_aP-24,Green Park Extantion _bNew Delhi _e110016 |
||
| 300 |
_axiii,288p. : _b23cm(pbk) _cill. |
||
| 500 | _aIncludes index | ||
| 700 | _aJacson,Lynn | ||
| 942 |
_2ddc _cEN _mCAP _h384.80979494 |
||
| 999 |
_c102626 _d102626 |
||